Statistics for Cuban Revolution/ Missile Crisis Quiz

Click here to take the quiz!

General Stats

  • This quiz has been taken 255 times
  • The average score is 11 of 20

Answer Stats

HintAnswer% Correct
U.S. President at the timeJohn F. Kennedy
92%
Cuba was seen as a base for missiles for which superpower?Soviet Union
88%
Site of the failed American invasion in April 1961Bay of Pigs
85%
Name of the beret-wearing doctor who joined Castro's cause in MexicoChé Guevara
71%
U.S. city which thousands of wealthier Cubans fled to in the wake of the revolutionMiami
71%
Name of Fidel's brother who succeeded him in 2008Raúl Castro
68%
Country from which America agreed to remove their missiles in return for the removal of missiles from CubaTurkey
68%
Birth country of the aboveArgentina
64%
Name of the former army sergeant who seized power during an election in which he was running for presidentFulgencio Batista
64%
Name of his attorney general brotherRobert
64%
Number of days the Missile Crisis lasted13
62%
And the year in which he did it1952
60%
And country of deathBolivia
60%
Name of U.S. President's counterpart who agreed to this dealNikita Khrushchev
51%
According to Castro in his trial following this attack, what will absolve him?History
44%
Name of the boat which carried the rebels back to Cuba from MexicoGranma
29%
Name of the army barracks Fidel Castro attacked in 1953Moncada Barracks
23%
Number of people aboard said boat82
22%
City in which the 'beret-wearing doctor' from Q5-7 famously defeated a much larger force in December 1958Santa Clara
17%
Name of Soviet ambassador who the aforementioned attorney general covertly negotiated withAnatoly Dobrynin
6%

Score Distribution

Percentile by Number Answered

Percent of People with Each Score

Your Score History

You have not taken this quiz